书目信息 |
| 题名: |
Cisco交换机配置与管理完全手册
|
|
| 作者: | 王达 编著 | |
| 分册: | ||
| 出版信息: | 北京 中国水利水电出版社 2013 |
|
| 页数: | 892页 | |
| 开本: | 29cm | |
| 丛书名: | ||
| 单 册: | ||
| 中图分类: | TN915.05 | |
| 科图分类: | ||
| 主题词: | 计算机网络--信息交换机 , 计算机网络 , 信息交换机 | |
| 电子资源: | ||
| ISBN: | 978-7-5170-0806-4 | |
| 000 | 01068nam0 2200265 450 | |
| 001 | 523 | |
| 005 | 20140910085744.39 | |
| 010 | @a978-7-5170-0806-4@dCNY108.00 | |
| 100 | @a20130820d2013 em y0chiy50 ea | |
| 101 | 0 | @achi |
| 102 | @aCN@b110000 | |
| 105 | @aa z 000yy | |
| 106 | @ar | |
| 200 | 1 | @aCisco交换机配置与管理完全手册@ACisco Jiao Huan Ji Pei Zhi Yu Guan Li Wan Quan Shou Ce@f王达编著@FWang Da Bian Zhu |
| 205 | @a2版 | |
| 210 | @a北京@c中国水利水电出版社@d2013 | |
| 215 | @a892页@c图@d29cm | |
| 330 | @a本书共23章,从最基础的Cisco交换机设备选型,IOS系统的使用与管理,IOS映像、配置文件的管理,以及各种交换机接口、VLAN/VTP/VMPS、STP/RSTP/PVST/PVST+/MSTP、PVLAN、交换机堆叠、ACL、端口镜像等配置与管理,到高级的交换机集群、HSRP/VRRP、QoS、IGMP/IGMP Snooping/PIM IP组播、端口安全、IEEE 802.1x、AAA等配置与管理。 | |
| 606 | 0 | @a计算机网络@x信息交换机 |
| 606 | 0 | @a计算机网络 |
| 606 | 0 | @a信息交换机 |
| 690 | @aTN915.05@v5 | |
| 701 | 0 | @a王达@AWang Da@c(网络管理)@4编著 |
| 801 | 0 | @aCN@bTANGWEI@c20140603 |
| 905 | @b0837769-71@dTN915.05@e105=2@f3 | |
| Cisco交换机配置与管理完全手册/王达编著.-2版.-北京:中国水利水电出版社,2013 |
| 892页:图;29cm |
| ISBN 978-7-5170-0806-4:CNY108.00 |
| 本书共23章,从最基础的Cisco交换机设备选型,IOS系统的使用与管理,IOS映像、配置文件的管理,以及各种交换机接口、VLAN/VTP/VMPS、STP/RSTP/PVST/PVST+/MSTP、PVLAN、交换机堆叠、ACL、端口镜像等配置与管理,到高级的交换机集群、HSRP/VRRP、QoS、IGMP/IGMP Snooping/PIM IP组播、端口安全、IEEE 802.1x、AAA等配置与管理。 |
| ● |
| 相关链接 |
|
|
|
|
正题名:Cisco交换机配置与管理完全手册
索取号:TN915.05/105=2
 
预约/预借
| 序号 | 登录号 | 条形码 | 馆藏地/架位号 | 状态 | 备注 |
| 1 | 0837769 | 208377692 | 第二样本阅览室/ [索取号:TN915.05/105=2] | 在馆 | |
| 2 | 0837770 | 208377709 | 密集书库—计算机科学学院/ [索取号:TN915.05/105=2] | 在馆 | |
| 3 | 0837771 | 208377718 | 第三借阅区/ [索取号:TN915.05/105=2] | 在馆 |